000 00427nam a2200145Ia 4500
008 221007s9999 xx 000 0 und d
041 _aeng
082 _bPUA
100 _aPuar Shivani - 2K111123 & Prof. Pradeep Thite - Guide
_9102280
245 _aStudy of Volatility & Its Factors that Effect The Stock Market
260 _c2013
_bPune University
_aIndore
300 _a88p
520 _aThite Pradeep
906 _bGeneral
999 _c69442
_d69442